| 000 | 00982nam a2200265 a 4500 | ||
|---|---|---|---|
| 005 | 20090528153544.0 | ||
| 008 | 891020s1990 nyua b 001 0 eng | ||
| 010 | _aENG-93772 | ||
| 020 |
_a9780070263550 _c250.00 |
||
| 020 |
_a0070263558 _c250.00 |
||
| 035 | _aEN-77305 | ||
| 037 | _bDBAD / PUB | ||
| 040 |
_adpl _bEnglish |
||
| 082 | _a005 | ||
| 100 | _aGahlot, Preeti | ||
| 245 |
_aTata Mcgraw-Hill's informatics practices : _cby Preeti Gahlot [and] Naveen Chhabra _bfor class XII / |
||
| 246 |
_aInformatics practices : _bfor class XI / |
||
| 260 |
_aNew Delhi _bTata McGraw-Hill Publishing _c2009 |
||
| 270 |
_a7 West Patel Nagar, _bNew Delhi _e110008 |
||
| 300 |
_axvii, 749p. _c24cm(pbk) |
||
| 650 |
_aInformation technology _vTextbooks. |
||
| 700 | _aChhabra, Naveen | ||
| 942 |
_2ddc _cEN _mGAH _h005 |
||
| 999 |
_c26916 _d26916 |
||